Normal view
MARC view
- A. Chadwick
Entry Personal Name
001 - CONTROL NUMBER
- control field: 13277
003 - CONTROL NUMBER IDENTIFIER
- control field: NUST
005 - DATE AND TIME OF LATEST TRANSACTION
- control field: 20190125131643.0
008 - FIXED-LENGTH DATA ELEMENTS
- fixed length control field: 190125|| aca||aabn | a|a d
040 ## - CATALOGING SOURCE
- Original cataloging agency: NUST
- Transcribing agency: NUST
100 ## - HEADING--PERSONAL NAME
- Personal name: A. Chadwick
670 ## - SOURCE DATA FOUND
- Source citation: Work cat.: (NUST): A. Chadwick, Hydraulics in Civil and Environmental Engineering
